000 00495nam a22001817a 4500
003 MPLRDC
005 20220104192812.0
008 210129b ||||| |||| 00| 0 eng d
020 _a978-967-414-112-7
082 _a855 WRQ-46
100 _a吴若权
245 _a和猪头握个手
_c
250 _a初版
260 _a马来西亚
_b海滨出版(马)有限公司 SEASHORE PUBLISHING (M) SDN BHD
_c2013
300 _b
650 _a散文;随笔、日记
942 _cBK
_o855 WRQ-46
999 _c64892
_d64882